000 00764nam a2200217 i 4500
001 101787
003 ES-MaACL
005 20231221150404.0
007 t|
008 051025s1944 sp ||||1| spa d
100 1 _aMeléndez Meléndez, Leonor.
_979925
245 1 0 _aCánovas y la política exterior española /
_cpor Leonor Meléndez Meléndez.
260 _aMadrid :
_b[s.n.],
_c1944 (
_fS. Aguirre)
300 _a1 lám., 460 p. ;
_c23 cm.
500 _aPrecede al tít.: Instituto de Estudios Políticos.
600 1 4 _aCánovas del Castillo, Antonio,
_d1828-1897
_934600
651 4 _aEspaña-
_xPolítica exterior-
_yS.XIX.
_98428
710 2 _aInstituto de Estudios Políticos (Madrid)
_94924
852 _aES-MaACL
_jF-15916
999 _c101787
_d101787